000 01280cam a2200289 a 4500
005 20260322212042.0
008 data
010 _a 95044827
020 _a0684814110
020 _a9780684814117
040 _aDLC
_cDLC
_dDLC
043 _an-us---
050 0 0 _aE176.1
_b.C485 1995
082 0 0 _a973.9/092/2
_220
092 _a973.9 C485 1995
245 0 0 _aCharacter above all :
_bten presidents from FDR to George Bush /
_cedited by Robert A. Wilson.
260 _aNew York :
_bSimon & Schuster,
_cc1995.
300 _a256 p. :
_c25 cm.
500 _aIncludes index.
505 0 _aFranklin D. Roosevelt / Doris Kearns Goodwin -- Harry S. Truman / David McCullough -- Dwight D. Eisenhower / Stephen E. Ambrose -- John F. Kennedy / Richard Reeves -- Lyndon B. Johnson / Robert Dallek -- Richard M. Nixon / Tom Wicker -- Gerald R. Ford / James Cannon -- Jimmy Carter / Hendrik Hertzberg -- Ronald Reagan / Peggy Noonan -- George Bush / Michael R. Beschloss.
650 0 _aPresidents
_zUnited States
_xHistory
_y20th century.
651 0 _aUnited States
_xPolitics and government
_y1933-1945.
651 0 _aUnited States
_xPolitics and government
_y1945-1989.
651 0 _aUnited States
_xPolitics and government
_y1989-1993.
700 1 _aWilson, Robert A.,
_d1941-
001 data
999 _c996
_d996